Statistics for US States with ASK

Click here to take the quiz!

General Stats

  • This quiz has been taken 133 times
  • The average score is 4 of 5

Answer Stats

State% Correct
Alaska
97%
Arkansas
95%
Kansas
83%
Nebraska
63%
South Dakota
59%

Score Distribution

Percentile by Number Answered

Percent of People with Each Score

Your Score History

You have not taken this quiz